Connectedness between Energy and Nonenergy Commodity Markets: Evidence from Quantile Coherency Networks

Štruktúra závislosti medzi pármi energetických a neenergetických komodít pri rôznych frekvenciách a kvantiloch v ich spoločnej distribúcii návratnosti s použitím nového prístupu kvantilovej koherencie. Závislosť od komodít počas vzostupv a prepadov, asymetrická závislosť od komodít

Saved in:
Bibliographic Details
Main Author: Rabeh, Khalfaoui
Other Authors: Baumöhl, Eduard, 1982-, Suleman, Sarwar, Výrost, Tomáš, 1978-
Format: Book Chapter
Language:English
Subjects:
Tags: Add Tag
No Tags, Be the first to tag this record!

MARC

LEADER 00000naa a2200000 4500
001 0280844
005 20250506140723.9
041 0 |a eng 
044 |a GB 
245 1 0 |a Connectedness between Energy and Nonenergy Commodity Markets: Evidence from Quantile Coherency Networks  |c Khalfaoui Rabeh, Eduard Baumöhl, Sarwar Suleman, Tomáš Výrost 
520 |a Štruktúra závislosti medzi pármi energetických a neenergetických komodít pri rôznych frekvenciách a kvantiloch v ich spoločnej distribúcii návratnosti s použitím nového prístupu kvantilovej koherencie. Závislosť od komodít počas vzostupv a prepadov, asymetrická závislosť od komodít 
610 2 0 |a komodity 
610 2 0 |a trh komoditný 
610 2 0 |a energia 
100 1 |a Rabeh, Khalfaoui 
700 1 |a Baumöhl, Eduard, 1982- 
700 1 |a Suleman, Sarwar 
700 1 |a Výrost, Tomáš, 1978-